[Event "Villa Martelli ITT"]
[Site "Villa Martelli"]
[Date "2008.01.05"]
[Round "2"]
[White "Iermito, Sebastian"]
[Black "Moskow, Eric"]
[Result "0-1"]
[WhiteElo "2334"]
[BlackElo "2254"]
[PlyCount "106"]
[EventDate "2008.01.05"]
[EventType "tourn"]
[EventRounds "9"]
[EventCountry "ARG"]
[EventCategory "4"]
[SourceTitle "CBM 122 Extra"]
[Source "ChessBase"]
[SourceDate "2008.03.04"]
[SourceVersion "1"]
[SourceVersionDate "2008.03.04"]
[SourceQuality "1"]

1. d4 Nf6 2. c4 e6 3. Nf3 c5 4. d5 exd5 5. cxd5 g6 6. Nc3 d6 7. Nd2 a6 8. a4 Bg7 9. Nc4 0-0 10. Bf4 Ne8 11. Qd2 Nd7 12. Nxd6 Nxd6 13. Bxd6 Re8 14. e3 Qf6 15. Bg3 h5 16. h3 h4 17. Bh2 Qg5 18. Rg1 Nf6 19. f4 Qh6 20. Bd3 Bd7 21. Kf2 b5 22. axb5 axb5 23. Rxa8 Rxa8 24. Ne4 Nxe4+ 25. Bxe4 Ra2 26. Rb1 Qh8 27. d6 c4 28. Qd5 Bxb2 29. Kg1 Qc3 30. Kh1 Qf6 31. Qb7 Qd8 32. Bg1 Bf6 33. Bc6 Be6 34. d7 Rd2 35. Bxb5 c3 36. Ba4 Bd5 37. Bc6 Bxc6 38. Qxc6 Rxd7 39. Rc1 Rc7 40. Qe4 Kg7 41. f5 Qe7 42. Qd3 Qd7 43. Qb1 Qxf5 44. e4 Qc8 45. Bh2 c2 46. Qa2 Rc4 47. Bf4 Qc6 48. e5 Be7 49. Bd2 Qe4 50. Qa7 Bf8 51. Qd7 Rd4 52. Bh6+ Kxh6 53. Qc7 Rd1+ 0-1